| 000 | 00876pam a2200265 a 4500 | ||
|---|---|---|---|
| 020 | _a0899081797 (lib.) | ||
| 020 | _a0899081541 (pap.) | ||
| 040 | _cDLC | ||
| 082 | 0 | 0 | _a362 GRE 1991 A010 Or. |
| 245 | 0 | 0 |
_aChemical dependency : _bopposing viewpoints / |
| 260 |
_aSan Diego, CA : _bGreenhaven Press, _cc1991. |
||
| 300 |
_a262 p. : _bill. ; _c23 cm. |
||
| 490 | 1 | _aOpposing viewpoints series | |
| 520 | _aPresents opposing viewpoints about the causes and treatment of alcohol, tobacco, and other drug addiction. Includes critical thinking skill activities and a list of organizations to contact. | ||
| 650 | 0 | _aDrug abuse | |
| 650 | 0 | _aDrug control | |
| 650 | 0 | _aAlcoholism | |
| 650 | 1 | _aAlcoholism. | |
| 650 | 1 | _aDrug abuse. | |
| 650 | 1 | _aSmoking. | |
| 700 | 1 | _aCozic, Charles P., | |
| 700 | 1 | _aSwisher, Karin, | |
| 700 | 1 | _aTipp, Stacey L., | |
| 942 | _cEK | ||
| 999 |
_c13715 _d13715 |
||